01586nab a22002657a 4500999001500000003000400015005001700019008004100036040000700077100002400084245024100108260007300349300001500422500003800437505035800475505010200833505008200935650002301017650002401040650003001064650002901094650002401123773016001147942001301307 c5623d5623OSt20251222232453.0190429b xxu||||| |||| 00| 0 spa d cPJ 96597aOrtiz, Julio 13aEl plenario "Ruiz" de la Cámara Federal de Casación Penal. ¿La posibilidad de interponer Casación en la etapa preparatoria e intermedia es contraria a derecho? El primer paso para el nacimiento del Triple conforme /cJulio Ortiz. cCiudad Autónoma de Buenos Aires :aThomson Reuters La Ley, b2025. ap. 104-109 aCita: TR LALEY AR/DOC/2855/2025.  aSumario: I. Introducción.— II. Matices del modelo acusatorio en el nuevo Cód. Proc. Penal Federal.— III. El derecho al recurso en el Cód. Proc. Penal Federal.— IV. El problema de carácter normativo.— V. El plenario "Roque Ruiz" de la CFCP y el fallo "Chacón" de la CS.— VI. Opinión personal y conclusión.— VII. Bibliografía.  aFallo comentado: CFCasación Penal, en pleno ~ 28/05/2024 ~ Ruiz, Roque y otro s/ impugnación. tSi te interesa el texto completo, solicitalo a koha@justierradelfuego.gov.ar  09343aDERECHO PENAL 092348aPROCESO PENAL 092107aRECURSO DE CASACION 095972aDERECHO AL RECURSO 092716aINSTRUCCIÓN0 0265893164tRevista de derecho penal y criminología. Nº 11 - Diciembre 2025dCiudad Autónoma de Buenos Aires : Thomson Reuters La Ley, 2017-x00347914 2udccANA